000 01218cad a22002775a 4500
001 E147980
008 090708s2009 stk f s000 0 eng d
020 _a9780755975723
022 1 _a0141-514X
035 _a(Sirsi) u147980
041 0 _aeng
050 0 4 _a711.1 $2 18
110 2 _aScotland
_bScottish Government
_95344
245 0 4 _aPlanning appeals
_bplanning circular 5 2009
_h[electronic resource]
260 _aEdinburgh
_bScottish Government
_c2009
490 0 _aPlanning Circular
_v(5/2009)
520 _aAccompanies The Town and Country Planning (Hierarchy of Developments) (Scotland) Regulations 2009, which allow planning applications to be dealt with in a proportionate way depending on which of the three categories it falls within.
521 _aAdvanced
590 _aKA
650 2 4 _aTOWN AND COUNTRY PLANNING (HIERARCHY OF DEVELOPMENTS) (SCOTLAND) REGULATIONS 2009
650 2 4 _aPLANNING ETC. (SCOTLAND) ACT 2006
651 4 _aScotland
_y1999-
690 _aENVIRONMENTAL AND LAND CONSULTANCY-PLANNING AND DEVELOPMENT-PLANNING GUIDANCE
856 4 0 _uhttps://www.scotland.gov.uk/Publications/2009/07/03153122/0
_zView the circular free of charge at www.scotland.gov.uk...
942 _n0
999 _c109825
_d109825